01326nam a22001457a 4500003000900000005001700009008004100026040001300067100004500080245003900125260007400164300001200238490003100250520089900281IT-RoPau20220918181222.0140929b xxu||||| |||| 00| 0 eng d cIT-RoPau aIstituto Regina Apostolorum (Apostoline) aSe vuoi... - 1968bVieni e seguimi aCastelgandolfo (Roma)bIstituto Regina Apostolorum (Apostoline)c1968 c18,5 cm aSe vuoi...vAnno IX - 1968 aIndice Anno IX – n. 1 G. Alberione – R. D. – R. F. Esposito – L. Schiatti – N. Adelfi – F. Peyron – G. Clementel – B. Cadorin – F. M. M. Anno IX – n. 2 G. Alberione – G. V. – Rosario F. Esposito – L. Schiatti – A. D. – G. Rossi – G. Clementel – B. Cadorin – Reinhold Friedrichs Anno IX – n. 3 G. Alberione – G. V. – R. F. Esposito – L. Schiatti – G. Clementel – T. B. – J. C. Barreau - *** - S. Gianani Anno IX – n. 4 G. Alberione – G. V. – R. F. Esposito - *** - A. Paoli – B. T. – G. Clementel – R. B. – H. D. Rops Anno IX – n. 5 G. V. – Rosario F. Esposito – L. Schiatti – A. Paoli – Sante Loffranchini – G. Clementel – B. Cadorin – John Touey – H. C. Andersen Anno IX – n. 6 G. Alberione – G. V. – R. F. Esposito – A. M. Vinci – R. Grieco – G. Clementel – A. Paoli – B. Cadorin – G. Corti